| 000 | 00741nam a2200217 u 4500 | ||
|---|---|---|---|
| 005 | 20240412063653.0 | ||
| 008 | 090824s2005 r 000 0 eng d | ||
| 020 | _a9586483991 | ||
| 035 | _aUPN01000171990 | ||
| 049 | _aCG | ||
| 050 | 4 |
_aHF5630 _bF5.4 2005 |
|
| 100 | 1 | _aFierro Martínez, Angel María | |
| 245 | 1 | 0 |
_aIntroducción a la contabilidad / _cAngel María Fierro Martínez. |
| 250 | _a2a ed. | ||
| 260 |
_aBogotá : _bEcoe, _c2005. |
||
| 300 |
_a249 p. + _e1 CD-ROM ; 4 3/4 plg. |
||
| 440 | 0 |
_aTextos universitarios. _pContabilidad, auditoría y control |
|
| 500 | _aIncluye 1 CD-ROM ; 4 3/4 plg., solicítalo en el Departamento de Documentación | ||
| 650 | 4 |
_aContabilidad _xEstudio y enseñanza _912260 |
|
| 905 | _aLibro | ||
| 999 |
_c144094 _d144094 |
||